000
00494nam a2200181Ia 4500
008
100917s9999 xx 000 0 und d
082
_b
49019
100
_a
घाणेकर मधुसूदन
245
_a
सिलॅबस
260
_b
गायत्री साहित्य
_c
1981
300
_a
79
365
_b
8
520
_a
कादंबरी
630
_a
सिलॅबस
650
_a
कादंबरी
730
_a
सिलॅबस
942
_c
BOOK
999
_c
654413
_d
654410